Loading...
| Religion | 0 | 3 | 0 | 0 | 30 | 68 | 93.67 | 0 | 1 | 8.26 | 16.67 |
| Science - Chemistry | 0 | 1 | 0 | 0 | 10 | 119 | 119.00 | 0 | 1 | -0.08 | 3.03 |
| Literature - British | 0 | 1 | 0 | 0 | 10 | 130 | 130.00 | 0 | 0 | 0.77 | 4.55 |
| History - Other | 0 | 1 | 0 | 0 | 10 | 132 | 132.00 | 0 | 0 | -0.28 | 3.03 |
| Mythology | 0 | 1 | 0 | 0 | 10 | 121 | 121.00 | 0 | 1 | 1.56 | 4.55 |
| Geography | 0 | 1 | 0 | 0 | 10 | 98 | 98.00 | 0 | 1 | 7.62 | 16.67 |
| Fine Arts - Classical Music | 0 | 1 | 0 | 0 | 10 | 119 | 119.00 | 0 | 0 | 0.08 | 4.55 |
| Science - Physics | 0 | 0 | 1 | 0 | -5 | 0.00 | 0 | 0 | 0.00 | 0.00 | |
| Philosophy | 0 | 0 | 1 | 0 | -5 | 0.00 | 0 | 0 | 0.00 | 0.00 | |
| Science - Biology | 0 | 0 | 1 | 0 | -5 | 0.00 | 0 | 0 | 0.00 | 0.00 | |
| Science - Other | 0 | 0 | 1 | 0 | -5 | 0.00 | 0 | 0 | 0.00 | 0.00 |